| 000 | 00888cam a2200217 4500 | ||
|---|---|---|---|
| 001 | WB3634-13 | ||
| 008 | 000000n2000 000 0 eng u | ||
| 035 | _a(Sirsi) u108076 | ||
| 245 | _aRetail environments | ||
| 260 | _c2000 | ||
| 490 |
_aScotsman _v29 August 2000, 8(1) |
||
| 520 | _aScottish Enterprise is sponsoring research at Robert Gordon University into producing a computer based tool that will help planning and economic agencies predict how certain factors can influence people to shop in a particular retail centre. The university will set up virtual 'streetscapes' and ask the public to select their preferred environments. | ||
| 590 | _aWB | ||
| 650 | _aSOFTWARE | ||
| 650 | _aRETAIL CENTRES | ||
| 650 | _aENVIRONMENTAL FACTORS | ||
| 650 | _aLANDSCAPING | ||
| 650 | _aRETAIL DEVELOPMENT | ||
| 690 | _aPROPERTY-COMMERCIAL PROPERTY-RETAIL PROPERTY | ||
| 942 | _n0 | ||
| 999 |
_c64561 _d64561 |
||